000 00819nam a22002417a 4500
003 UA-OsUOA
001 60717
007 ta
008 20090602b un ||||| |||| 00| 0 ukr d
100 _aГузіна Д.
090 _a321.7(4)
_bГ93
942 _cBK
040 _aUA-OsUOA
_bukr
_cUA-OsUOA
_dUA-OsUOA
245 _aУ пошуках правильної парадигми: концептуальні перспективи посткомуністичного переходу у країнах Східної Європи
300 _a342 с.
955 _a2
041 _aukr
080 _a321.7(4)
020 _a966-95538-3-0
260 _aК.
_c2003
650 7 _a321 Форми політичних організацій. Держави як політичні влади
_2UDC
999 _c346645
_d346645